000 01862cam a22004574i 4500
003 PE-LiUPU
005 20250731184531.0
008 150623s r 000 0 d
020 _a155876111X
035 _a(Sirsi) i9781558761117
040 _aPE-LiUPU
_bspa
_cPE-LiUPU
_erda
049 _aPRUA
082 0 4 _a958
_bF85
_221
100 1 _aFrye, Richard Nelson,
_eautor.
245 1 4 _aThe heritage of Central Asia :
_bfrom antiquity to the turkish expansion /
_cRichard N. Frye.
264 1 _aPrinceton, NJ :
_bMarkus Wiener Publishers,
_c1998.
300 _a264 páginas :
_bilustraciones, gráficos, mapas ;
_c23 centímetros
336 _atext
_2rdacontent
337 _aunmediated
_2rdamedia
338 _avolume
_2rdacarrier
505 0 _aGeographic realities. -Peoples, languages, custom and beliefs. Before history. -Zoroaster's cult. -Achaemenid centralization. -Alexander and the heritage of hellenism. -Greco-bactrians and parthians. -Nomadic interlude. -The forgotten kushans. -The silk route. -The buddhist east. -Return of the nomads. -The merchant world of the sogdians. -Caliphs and kaghans. -The iranian-Islamic ecumene. -The present is born.
526 _aP136
526 _aP135
526 _aP134
526 _aP133
526 _aP144
526 _aP143
526 _aP87
526 _aP35
526 _aP20
526 _aP14
526 _aP10
526 _aP06
650 0 4 _aAsia Central
_xHistoria.
942 _2ddc
_cBOOK
949 _a958 F85
_wDEWEY
_c1
_i45593
_lCCODEBUL1
_mBUL
_r0
_sY
_tBOOK
_u2015-6-24
_xTEOLOGIA
_PP35
_0COMPRA
_o.STAFF. Colección General
994 _aC0
_bPEPRU
596 _a1
999 _a958 F85
_wDEWEY
_c22462
_i45593
_f2021-11-11
_g5
_lCCODEBUL1
_mBUL
_r0
_sY
_tBOOK
_u2015-6-24
_xTEOLOGIA
_PP35
_0COMPRA
_o.STAFF. Colección General
_d22462
980 _81
_gALBERTO SANCHEZ Responsable de Automatización